000
00269nam a2200109Ia 4500
008
220204s9999 xx 000 0 und d
082
_a
32 (540)
_b
CHI
100
_a
Chirol, Valentine
245
0
_a
Indian unrest
260
_a
New Delhi
_b
Light and Life
_c
1979
942
_c
BK
999
_c
34620
_d
34620